| 000 | 00437nam a22001697a 4500 | ||
|---|---|---|---|
| 003 | NUST - PNEC | ||
| 005 | 20170116180948.0 | ||
| 008 | 150908b xxu||||| |||| 00| 0 eng d | ||
| 020 | _a- | ||
| 040 | _cLIBRARY | ||
| 082 | _a621.3815 DAL | ||
| 100 |
_99022 _aDally, J. W. |
||
| 245 |
_aInstrumentation for engineering measurements _cJames W. Dally |
||
| 250 | _a2nd ed. | ||
| 650 |
_99028 _aMechical engineering _xME |
||
| 942 |
_2ddc _cBK |
||
| 999 |
_c66344 _d66344 |
||